000 00675nam a22002177a 4500
005 20240130161613.0
007 ta
008 240130s1971 sp |||||r|||| 00| 0 spa d
040 _avecauma
_cvecauma
_dvecauma
099 _aHF5415.34
_bK7
100 1 _910224
_aKropff, Hanns F. J.
245 1 0 _aInvestigación de motivaciones
260 _aMadrid :
_bEdiciones Rialp,
_c1971.
300 _a491 p.
490 0 _aColección la empresa y el hombre. Serie A
_v38
504 _aIncluye referencias bibliográficas.
534 _aTítulo original: Motivforschung
650 0 _aINVESTIGACION MOTIVACIONAL (MERCADEO)
_910223
942 _2lcc
_cBK
999 _c8424
_d8424